[Event "Bohumin op-B 6th"]
[Site "Bohumin"]
[Date "2023.07.07"]
[Round "7"]
[White "Klapuch, Dominik"]
[Black "Bala, Bartosz"]
[Result "0-1"]
[WhiteElo "1801"]
[BlackElo "1378"]
[PlyCount "102"]
[EventDate "2023.07.01"]
[EventType "swiss"]
[EventRounds "9"]
[EventCountry "CZE"]
[SourceTitle "EXT 2024"]
[Source "ChessBase"]
[SourceDate "2023.10.10"]
[SourceVersion "1"]
[SourceVersionDate "2023.10.10"]
[SourceQuality "1"]

1. e4 e5 2. Nf3 Nc6 3. d4 exd4 4. Nxd4 Bc5 5. Nb3 Bb6 6. Nc3 Qf6 7. Qe2 Nge7 8. Be3 Bxe3 9. Qxe3 a6 10. 0-0-0 0-0 11. g4 d6 12. g5 Qg6 13. h4 f5 14. Bc4+ Kh8 15. h5 Qe8 16. h6 g6 17. Nd5 Nxd5 18. Bxd5 f4 19. Qd2 Qe5 20. Rhg1 Be6 21. f3 Rae8 22. Kb1 Re7 23. Nc1 Rfe8 24. Nd3 Qd4 25. Bxe6 Rxe6 26. Qxf4 Qb6 27. Qf7 R6e7 28. Qf6+ Kg8 29. Qc3 Rf7 30. Nf4 Re5 31. Nd5 Qa5 32. Qb3 Qb5 33. Nf6+ Kf8 34. Qe3 Na5 35. Qa7 Qc6 36. Qb8+ Ke7 37. f4 Rc5 38. e5 d5 39. Ng8+ Kd7 40. e6+ Kxe6 41. Rde1+ Kd6 42. Nf6 Rc4 43. Qc8 Kc5 44. Re5 Rxf4 45. Rxd5+ Qxd5 46. b4+ Rxb4+ 47. Kc1 Qf3 48. Qe8 Qf4+ 49. Kd1 Rd4+ 50. Ke1 Qd2+ 51. Kf1 Rf4# 0-1

[Event "Jastrzebie Zdroj op"]
[Site "Jastrzebie Zdroj"]
[Date "2022.11.26"]
[Round "9"]
[White "Bala, Bartosz"]
[Black "Shystarova, Svitlana"]
[Result "1/2-1/2"]
[WhiteElo "1355"]
[BlackElo "1783"]
[PlyCount "75"]
[EventDate "2022.11.19"]
[EventType "swiss"]
[EventRounds "9"]
[EventCountry "POL"]
[SourceTitle "CBM 211 Extra"]
[Source "ChessBase"]
[SourceDate "2023.01.31"]
[SourceVersion "1"]
[SourceVersionDate "2023.01.31"]
[SourceQuality "1"]

1. e4 e6 2. d4 d5 3. Nd2 dxe4 4. Nxe4 Nd7 5. Nf3 Ngf6 6. Nxf6+ Nxf6 7. Bd3 c5 8. 0-0 cxd4 9. Bb5+ Bd7 10. Nxd4 Bc5 11. Bxd7+ Qxd7 12. Nb3 Qxd1 13. Rxd1 Bb6 14. Re1 0-0 15. Be3 Bxe3 16. Rxe3 Rfd8 17. f3 Nd5 18. Rd3 Nb4 19. Rxd8+ Rxd8 20. c3 Nc6 21. Re1 Kf8 22. Kf2 b6 23. Re4 Rd6 24. Nd4 Nxd4 25. Rxd4 Rxd4 26. cxd4 Ke7 27. Ke3 Kd6 28. b4 Kd5 29. Kd3 b5 30. h4 f6 31. g3 g6 32. g4 h5 33. gxh5 gxh5 34. a3 a6 35. Ke3 f5 36. Kd3 f4 37. Kc3 Kd6 38. Kd3 1/2-1/2

[Event "Jastrzebie Zdroj op"]
[Site "Jastrzebie Zdroj"]
[Date "2022.11.25"]
[Round "8"]
[White "Bala, Bartosz"]
[Black "Furlepa, Oskar"]
[Result "1-0"]
[WhiteElo "1355"]
[BlackElo "1296"]
[PlyCount "87"]
[EventDate "2022.11.19"]
[EventType "swiss"]
[EventRounds "9"]
[EventCountry "POL"]
[SourceTitle "CBM 211 Extra"]
[Source "ChessBase"]
[SourceDate "2023.01.31"]
[SourceVersion "1"]
[SourceVersionDate "2023.01.31"]
[SourceQuality "1"]

1. e4 c5 2. Nf3 e6 3. d4 cxd4 4. Nxd4 Nc6 5. Be3 a6 6. Nc3 Qc7 7. Bd3 Nf6 8. Qd2 b5 9. a3 Bb7 10. 0-0 Bd6 11. h3 b4 12. axb4 Bxb4 13. Nde2 0-0 14. f4 d5 15. e5 Nd7 16. Qe1 Qd8 17. Qf2 Qe7 18. Na4 Rfe8 19. c3 Ba5 20. Nc5 Nxc5 21. Bxc5 Qd8 22. Nd4 Nxd4 23. cxd4 Bb6 24. b4 Bc7 25. Ra2 Qd7 26. Rfa1 Qc6 27. Qe2 Reb8 28. b5 Qd7 29. b6 Bd8 30. Bxa6 h6 31. Bxb7 Rxa2 32. Rxa2 Qxb7 33. Rb2 Qc6 34. Qa6 Kh7 35. Qa7 Rb7 36. Qa6 Rb8 37. Qb5 Qb7 38. Kh2 Rc8 39. Qa5 Ra8 40. Qxa8 Qxa8 41. b7 Qb8 42. Bd6 Bc7 43. Bxc7 Qxc7 44. b8Q 1-0

[Event "Jastrzebie Zdroj op"]
[Site "Jastrzebie Zdroj"]
[Date "2022.11.19"]
[Round "1"]
[White "Tymrakiewicz, Rafal"]
[Black "Bala, Bartosz"]
[Result "1-0"]
[WhiteElo "2144"]
[BlackElo "1355"]
[PlyCount "125"]
[EventDate "2022.11.19"]
[EventType "swiss"]
[EventRounds "9"]
[EventCountry "POL"]
[SourceTitle "CBM 211 Extra"]
[Source "ChessBase"]
[SourceDate "2023.01.31"]
[SourceVersion "1"]
[SourceVersionDate "2023.01.31"]
[SourceQuality "1"]

1. e4 e5 2. Bc4 Nc6 3. d3 Nf6 4. Nf3 Bc5 5. Nc3 d6 6. Be3 Bb6 7. h3 h6 8. 0-0 0-0 9. Qd2 Na5 10. Bb3 Nxb3 11. axb3 Bxe3 12. fxe3 b6 13. Qf2 Bb7 14. Nh4 d5 15. exd5 Nxd5 16. Nxd5 Bxd5 17. e4 Be6 18. Kh2 Qd4 19. Qxd4 exd4 20. b4 Rfc8 21. Nf5 Bxf5 22. Rxf5 c6 23. Kg3 Re8 24. Kf3 Re7 25. Ke2 f6 26. Kd2 Rc8 27. g4 c5 28. bxc5 bxc5 29. b3 Rcc7 30. Ra6 Kf7 31. h4 Re6 32. Ra5 Rec6 33. Rd5 g6 34. h5 gxh5 35. Rxh5 Kg6 36. Ke2 a6 37. Kf3 Rc8 38. Kf4 R8c7 39. Rf5 Rc8 40. Rd5 R8c7 41. Rd8 Rh7 42. Rd5 Rhc7 43. Kg3 Rc8 44. Kh4 R8c7 45. Rd8 Rb6 46. Rg8+ Kf7 47. Ra8 Rcc6 48. Rd8 Rb5 49. Ra1 Kg6 50. Rg8+ Kh7 51. Ra8 Rbb6 52. Kh5 Kg7 53. Ra7+ Kf8 54. Rf1 Kg8 55. Rf5 Rb5 56. Kxh6 Rbb6 57. Kg6 Kf8 58. g5 Ke8 59. gxf6 Kd8 60. e5 Re6 61. Rh5 Re8 62. Ra8+ Kd7 63. Rh7+ 1-0